[Event "Southern Chess Classic"]
[Site "Invercargill"]
[Date "2023.07.15"]
[Round "5"]
[White "Johnson, Quentin JF"]
[Black "Van der Krogt, Adrian"]
[Result "1-0"]
[WhiteElo "1938"]
[BlackElo "1426"]
[PlyCount "61"]
[EventDate "2023.07.14"]
[EventType "swiss"]
[EventRounds "6"]
[EventCountry "NZL"]
[SourceTitle "EXT 2024"]
[Source "ChessBase"]
[SourceDate "2023.10.10"]
[SourceVersion "1"]
[SourceVersionDate "2023.10.10"]
[SourceQuality "1"]

1. d4 e6 2. c4 Nf6 3. Nc3 d5 4. cxd5 Nxd5 5. e4 Nxc3 6. bxc3 c5 7. Rb1 cxd4 8. cxd4 Nc6 9. Bb5 Bd7 10. Nf3 a6 11. Be2 Bb4+ 12. Bd2 Bxd2+ 13. Qxd2 b5 14. 0-0 0-0 15. Rfd1 Qe7 16. e5 Rac8 17. Ng5 h6 18. Ne4 Rfd8 19. Nd6 Rb8 20. Bh5 Rf8 21. Rb3 Qg5 22. Qe2 g6 23. Rg3 Qe7 24. Bxg6 fxg6 25. Rxg6+ Kh7 26. Qh5 Qg7 27. Rxg7+ Kxg7 28. Rd3 Ne7 29. Rg3+ Kh7 30. Nf7 Rxf7 31. Qxf7+ 1-0

[Event "South Island-ch Rapid"]
[Site "Invercargill"]
[Date "2022.10.09"]
[Round "5"]
[White "Familton, Gregory"]
[Black "Johnson, Quentin JF"]
[Result "0-1"]
[WhiteElo "1613"]
[BlackElo "1981"]
[PlyCount "78"]
[EventDate "2022.10.09"]
[EventType "swiss (rapid)"]
[EventRounds "6"]
[EventCountry "NZL"]
[SourceTitle "EXT 2024"]
[Source "ChessBase"]
[SourceDate "2023.10.10"]
[SourceVersion "1"]
[SourceVersionDate "2023.10.10"]
[SourceQuality "1"]

1. e4 c5 2. Nc3 e6 3. Nge2 Nc6 4. g3 d5 5. exd5 exd5 6. d4 cxd4 7. Nxd4 Nf6 8. Bg2 Bg4 9. Qd3 Bb4 10. 0-0 0-0 11. Bg5 Ne5 12. Bxf6 gxf6 13. Qd2 Rc8 14. Nb3 Bf3 15. Qe3 Bxg2 16. Kxg2 Nc4 17. Qd4 Bxc3 18. Qxc3 Na3 19. Qd3 Nxc2 20. Rac1 Nb4 21. Rxc8 Nxd3 22. Rxd8 Rxd8 23. Nd2 b6 24. b3 Nb4 25. a4 Kg7 26. Kf3 Kg6 27. Re1 Rd7 28. Rd1 Re7 29. Nf1 f5 30. Ne3 Re5 31. Rd4 a5 32. g4 fxg4+ 33. Rxg4+ Rg5 34. Rd4 h5 35. h4 Re5 36. Kf4 f6 37. f3 Kf7 38. Kg3 Rxe3 39. Kf2 Rxb3 0-1

[Event "South Island-ch"]
[Site "Invercargill"]
[Date "2022.10.07"]
[Round "5"]
[White "Johnson, Quentin JF"]
[Black "McNabb, Matthew David"]
[Result "0-1"]
[WhiteElo "1981"]
[BlackElo "2050"]
[PlyCount "60"]
[EventDate "2022.10.05"]
[EventType "swiss"]
[EventRounds "8"]
[EventCountry "NZL"]
[SourceTitle "EXT 2024"]
[Source "ChessBase"]
[SourceDate "2023.10.10"]
[SourceVersion "1"]
[SourceVersionDate "2023.10.10"]
[SourceQuality "1"]

1. d4 d5 2. c4 c6 3. Nc3 Nf6 4. e3 e6 5. b3 Bb4 6. Nge2 Nbd7 7. a3 Bd6 8. c5 Bc7 9. f4 b6 10. b4 bxc5 11. bxc5 Ba5 12. Bd2 Ba6 13. Ng3 Bxf1 14. Rxf1 Bxc3 15. Bxc3 h5 16. h3 h4 17. Ne2 Ne4 18. Qa4 Qc8 19. Rf3 a5 20. Kf1 Qa6 21. Be1 Rb8 22. Qc2 f5 23. Kg1 Kf7 24. Nc1 Rb7 25. Nd3 Rhb8 26. Rd1 Rb3 27. a4 Qc4 28. Qxc4 dxc4 29. Ne5+ Nxe5 30. dxe5 Rb1 0-1

[Event "South Island-ch"]
[Site "Invercargill"]
[Date "2022.10.05"]
[Round "2"]
[White "Johnson, Quentin JF"]
[Black "Familton, Gregory"]
[Result "1-0"]
[WhiteElo "1981"]
[BlackElo "1613"]
[PlyCount "59"]
[EventDate "2022.10.05"]
[EventType "swiss"]
[EventRounds "8"]
[EventCountry "NZL"]
[SourceTitle "EXT 2024"]
[Source "ChessBase"]
[SourceDate "2023.10.10"]
[SourceVersion "1"]
[SourceVersionDate "2023.10.10"]
[SourceQuality "1"]

1. d4 Nf6 2. c4 c5 3. d5 b5 4. cxb5 a6 5. bxa6 g6 6. Nc3 Bg7 7. e4 0-0 8. Nf3 Qa5 9. Bd2 Bxa6 10. h3 Bxf1 11. Kxf1 d6 12. Kg1 Nbd7 13. Kh2 Rfb8 14. Rb1 Nb6 15. b3 Nfd7 16. Qc2 Bxc3 17. Bxc3 Qxa2 18. Rb2 Qa3 19. Rd1 f6 20. Nd2 g5 21. g3 h6 22. f4 Nf8 23. Nf3 Nbd7 24. e5 Rb7 25. e6 Nb8 26. fxg5 hxg5 27. Nxg5 Na6 28. Nf7 Rab8 29. Qf5 Nh7 30. Qg6+ 1-0

[Event "North Island-ch"]
[Site "Wellington"]
[Date "2021.04.05"]
[Round "7"]
[White "Johnson, Quentin JF"]
[Black "Adair, Danny"]
[Result "1-0"]
[WhiteElo "1975"]
[BlackElo "2026"]
[PlyCount "55"]
[EventDate "2021.04.02"]
[EventType "swiss"]
[EventRounds "8"]
[EventCountry "NZL"]
[SourceTitle "EXT 2024"]
[Source "ChessBase"]
[SourceDate "2023.10.10"]
[SourceVersion "1"]
[SourceVersionDate "2023.10.10"]
[SourceQuality "1"]

1. d4 d6 2. Nf3 g6 3. c4 Bg7 4. Nc3 Nf6 5. e4 0-0 6. Bg5 Bg4 7. h3 Bxf3 8. Qxf3 h6 9. Be3 Nbd7 10. g4 c5 11. d5 Qb6 12. Qe2 a6 13. Qd2 Ne5 14. Be2 Qb4 15. b3 Nfxg4 16. Rc1 Nxe3 17. Qxe3 f5 18. f4 Nd7 19. Kd2 fxe4 20. Qxe4 Nf6 21. Qxg6 Ne8 22. Qe4 Nf6 23. Qe6+ Kh8 24. Rhg1 Rae8 25. Rg6 Qa5 26. Bd3 Rg8 27. Qf5 Ref8 28. Rxf6 1-0

[Event "South Island-ch"]
[Site "Dunedin"]
[Date "2020.10.07"]
[Round "5"]
[White "Xie, Felix"]
[Black "Johnson, Quentin JF"]
[Result "1-0"]
[WhiteElo "1956"]
[BlackElo "1990"]
[PlyCount "68"]
[EventDate "2020.10.03"]
[EventType "swiss"]
[EventRounds "7"]
[EventCountry "NZL"]
[SourceTitle "EXT 2024"]
[Source "ChessBase"]
[SourceDate "2023.10.10"]
[SourceVersion "1"]
[SourceVersionDate "2023.10.10"]
[SourceQuality "1"]

1. e4 c5 2. Nf3 e6 3. d3 d5 4. Nbd2 Nc6 5. g3 Nf6 6. Bg2 Be7 7. 0-0 0-0 8. Re1 b5 9. e5 Nd7 10. Nf1 Qb6 11. h4 f6 12. exf6 Nxf6 13. Bf4 Bd7 14. Bh3 e5 15. Bxd7 Nxd7 16. Bg5 Bd6 17. Ne3 d4 18. Nd5 Qb7 19. Nd2 Nb6 20. Nxb6 axb6 21. Ne4 Be7 22. Qg4 Qc8 23. Qxc8 Raxc8 24. Bxe7 Nxe7 25. Nd6 Rc6 26. Nxb5 Rf5 27. Na3 Rcf6 28. Re2 g5 29. hxg5 Rxg5 30. Rae1 Ng6 31. Nc4 Rgf5 32. Nd2 b5 33. Ne4 Rc6 34. b3 Nh4 1-0

[Event "South Island-ch"]
[Site "Dunedin"]
[Date "2020.10.05"]
[Round "3"]
[White "Cilia Vincenti, David"]
[Black "Johnson, Quentin JF"]
[Result "1/2-1/2"]
[WhiteElo "2072"]
[BlackElo "1990"]
[PlyCount "108"]
[EventDate "2020.10.03"]
[EventType "swiss"]
[EventRounds "7"]
[EventCountry "NZL"]
[SourceTitle "EXT 2024"]
[Source "ChessBase"]
[SourceDate "2023.10.10"]
[SourceVersion "1"]
[SourceVersionDate "2023.10.10"]
[SourceQuality "1"]

1. d4 Nf6 2. c4 e6 3. Nc3 Bb4 4. Qc2 0-0 5. Nf3 d6 6. Bg5 Nbd7 7. e4 e5 8. dxe5 dxe5 9. Be2 Qe8 10. Nd2 c6 11. a3 Be7 12. 0-0 a5 13. Rab1 Nc5 14. b4 axb4 15. axb4 Ne6 16. Be3 Nd4 17. Bxd4 exd4 18. Na4 Qd8 19. Bd3 Ng4 20. Nf3 f6 21. c5 Ne5 22. Nxe5 fxe5 23. Nb6 Ra3 24. Rb3 Rxb3 25. Qxb3+ Kh8 26. Ra1 Qc7 27. Ra8 h6 28. h3 Bh4 29. g3 Be7 30. Rxc8 Rxc8 31. Nxc8 Qxc8 32. Qf7 Bg5 33. Kg2 Bd2 34. f4 Bxb4 35. fxe5 Bxc5 36. e6 Qf8 37. Qg6 Qf6 38. Qe8+ Qf8 39. Qd7 Qe7 40. Qc8+ Kh7 41. e5+ g6 42. Bc4 Kg7 43. Qa8 Bb6 44. Qa2 Bc7 45. Qe2 Bb6 46. Qe4 Bc5 47. h4 h5 48. Bb3 Kh6 49. Kh3 Kg7 50. g4 hxg4+ 51. Kxg4 Qe8 52. Kg3 Qe7 53. Kg4 Qe8 54. Kg3 Qe7 1/2-1/2

[Event "South Island-ch"]
[Site "Dunedin"]
[Date "2020.10.03"]
[Round "1"]
[White "Fukushima, Shoji"]
[Black "Johnson, Quentin JF"]
[Result "0-1"]
[WhiteElo "1777"]
[BlackElo "1990"]
[PlyCount "104"]
[EventDate "2020.10.03"]
[EventType "swiss"]
[EventRounds "7"]
[EventCountry "NZL"]
[SourceTitle "EXT 2024"]
[Source "ChessBase"]
[SourceDate "2023.10.10"]
[SourceVersion "1"]
[SourceVersionDate "2023.10.10"]
[SourceQuality "1"]

1. e4 c6 2. Nf3 d5 3. exd5 cxd5 4. Bb5+ Bd7 5. Bxd7+ Nxd7 6. 0-0 Ngf6 7. d4 e6 8. Re1 Bd6 9. c3 h6 10. Be3 0-0 11. Nbd2 Ng4 12. Nf1 Nxe3 13. Nxe3 Qc7 14. h3 b5 15. a3 a5 16. Qd3 Rab8 17. Ng4 b4 18. Rec1 Rfc8 19. axb4 axb4 20. Qd2 Bf4 21. Ne3 Qd6 22. g3 bxc3 23. bxc3 Bxe3 24. Qxe3 Rb2 25. Ra7 Rc7 26. Ra8+ Kh7 27. Qd3+ g6 28. h4 Nf6 29. Ne5 Ne4 30. Rc2 Rxc2 31. Qxc2 Rxc3 32. Qb2 Qc7 33. Qb4 Rxg3+ 34. Kh2 Rf3 35. Ra2 Rxf2+ 36. Rxf2 Nxf2 37. Kg2 Ne4 38. Qb1 Qc3 39. Nf3 Qxf3+ 40. Kxf3 Nd2+ 41. Kg4 Nxb1 42. h5 gxh5+ 43. Kxh5 f5 44. Kh4 Kg6 45. Kg3 Kg5 46. Kf3 f4 47. Kg2 Kg4 48. Kf2 f3 49. Kg1 Kg3 50. Kh1 Nd2 51. Kg1 f2+ 52. Kh1 f1R# 0-1

[Event "Wellington op"]
[Site "Wellington"]
[Date "2018.04.01"]
[Round "6"]
[White "Xu, Hannah"]
[Black "Johnson, Quentin JF"]
[Result "0-1"]
[WhiteElo "1120"]
[BlackElo "2028"]
[PlyCount "60"]
[EventDate "2018.03.30"]
[EventType "swiss"]
[EventRounds "6"]
[EventCountry "NZL"]
[SourceTitle "EXT 2019"]
[Source "ChessBase"]
[SourceDate "2018.10.10"]
[SourceVersion "1"]
[SourceVersionDate "2018.10.10"]
[SourceQuality "1"]

1. e4 c5 2. Nf3 Nc6 3. d4 cxd4 4. Nxd4 Nf6 5. Nc3 d6 6. Be2 e5 7. Nf3 Be7 8. 0-0 0-0 9. Be3 h6 10. h3 Be6 11. Qd2 Re8 12. Bd3 Bf8 13. a3 d5 14. exd5 Nxd5 15. Nxd5 Qxd5 16. Rfe1 e4 17. c4 Qxd3 18. Qxd3 exd3 19. b3 b6 20. Red1 Rad8 21. Ne1 Bf5 22. Rd2 Na5 23. Rb2 Rxe3 24. fxe3 d2 25. Nd3 Rxd3 26. Rd1 Nxb3 27. Kf2 Bc5 28. a4 Rxe3 29. Kg1 Rxh3+ 30. Kf1 Bd3# 0-1

[Event "Wellington op"]
[Site "Wellington"]
[Date "2018.03.31"]
[Round "4"]
[White "Johnson, Quentin JF"]
[Black "Wevers, Alexis"]
[Result "0-1"]
[WhiteElo "2028"]
[BlackElo "1661"]
[PlyCount "34"]
[EventDate "2018.03.30"]
[EventType "swiss"]
[EventRounds "6"]
[EventCountry "NZL"]
[SourceTitle "EXT 2019"]
[Source "ChessBase"]
[SourceDate "2018.10.10"]
[SourceVersion "1"]
[SourceVersionDate "2018.10.10"]
[SourceQuality "1"]

1. d4 Nf6 2. c4 g6 3. Nc3 d5 4. cxd5 Nxd5 5. Bd2 Bg7 6. e4 Nf6 7. Nf3 Bg4 8. Be3 c5 9. Bb5+ Nfd7 10. dxc5 0-0 11. Bd4 Ne5 12. Bxe5 Bxe5 13. Qc2 Bxf3 14. gxf3 Qa5 15. Rb1 a6 16. b4 Bxc3+ 17. Qxc3 Qxb5 0-1

[Event "Wellington op"]
[Site "Wellington"]
[Date "2018.03.30"]
[Round "1"]
[White "Ha, Huy Minh"]
[Black "Johnson, Quentin JF"]
[Result "1/2-1/2"]
[WhiteElo "1673"]
[BlackElo "2028"]
[PlyCount "161"]
[EventDate "2018.03.30"]
[EventType "swiss"]
[EventRounds "6"]
[EventCountry "NZL"]
[SourceTitle "EXT 2019"]
[Source "ChessBase"]
[SourceDate "2018.10.10"]
[SourceVersion "1"]
[SourceVersionDate "2018.10.10"]
[SourceQuality "1"]

1. d4 Nf6 2. Nf3 e6 3. g3 d5 4. Bg2 c5 5. c3 Nc6 6. 0-0 Bd6 7. Nbd2 0-0 8. Re1 e5 9. dxe5 Nxe5 10. Nxe5 Bxe5 11. Nf3 Bc7 12. Bg5 Be6 13. Qa4 h6 14. Bf4 Re8 15. Bxc7 Qxc7 16. e3 Ne4 17. a3 Rad8 18. Qc2 Bf5 19. Nh4 Bh7 20. Bxe4 Bxe4 21. Qd2 g5 22. Ng2 Qd7 23. f4 Qh3 24. Qf2 d4 25. exd4 cxd4 26. cxd4 Rxd4 27. Re2 Red8 28. fxg5 hxg5 29. Rae1 f5 30. Ne3 Rd3 31. Nf1 b6 32. Rd2 Qh7 33. Rxd3 Rxd3 34. Re3 Rd1 35. Re1 Rxe1 36. Qxe1 Qg7 37. Qd2 Qe7 38. Kf2 Kf7 39. Qc3 Qc5+ 40. Qxc5 bxc5 41. Nd2 Bd5 42. Ke3 Kf6 43. Nb1 Ke5 44. Nc3 f4+ 45. gxf4+ gxf4+ 46. Kd3 Bc6 47. Kc4 f3 48. Nd1 Kd6 49. Nf2 a6 50. h4 Bb5+ 51. Kc3 Ke5 52. Kd2 Kf4 53. h5 Kg5 54. Ne4+ Kxh5 55. Ke3 Kg4 56. Kf2 c4 57. Nd2 c3 58. bxc3 Be2 59. Nb3 Kf4 60. Nd2 Bd1 61. c4 Ke5 62. Ke3 Kd6 63. Kd4 Be2 64. Ne4+ Kc6 65. Ke3 a5 66. Kd4 Bd1 67. Kc3 Be2 68. Kd4 Bf1 69. Kc3 Bh3 70. Kd4 Bf5 71. Nd2 Bg4 72. Ne4 Bh5 73. Kc3 Bg6 74. Nd2 f2 75. Kd4 Bf7 76. Ke3 Bxc4 77. Kxf2 Bd5 78. Ke1 Kb5 79. Kd1 Ka4 80. Kc1 Kxa3 81. Kb1 1/2-1/2

[Event "Wellington op"]
[Site "Wellington"]
[Date "2014.04.20"]
[Round "5"]
[White "Jackson, L Ross"]
[Black "Johnson, Quentin JF"]
[Result "0-1"]
[WhiteElo "1928"]
[BlackElo "2095"]
[PlyCount "68"]
[EventDate "2014.04.18"]
[EventType "swiss"]
[EventRounds "6"]
[EventCountry "NZL"]
[SourceTitle "EXT 2018"]
[Source "ChessBase"]
[SourceDate "2017.10.13"]
[SourceVersion "1"]
[SourceVersionDate "2017.10.13"]
[SourceQuality "1"]

1. d4 Nf6 2. c4 e6 3. Nc3 Bb4 4. Nf3 0-0 5. Qc2 c5 6. dxc5 Nc6 7. e3 Bxc5 8. a3 d5 9. cxd5 exd5 10. Na4 Bd6 11. Be2 Bg4 12. 0-0 Rc8 13. Qd1 Bb8 14. Nc3 a6 15. Nd4 Ne5 16. f3 Bd7 17. Bd2 Qc7 18. Rc1 Nc4 19. f4 Qd6 20. Bxc4 Rxc4 21. Qb3 b5 22. Qa2 Qb6 23. b3 Rcc8 24. Nce2 Ne4 25. Rxc8 Rxc8 26. Rc1 Rxc1+ 27. Bxc1 Bg4 28. Qc2 g5 29. h3 Bd7 30. fxg5 Nxg5 31. Nc3 Qd6 32. Qf2 Bxh3 33. e4 Qh2+ 34. Kf1 Qh1+ 0-1

[Event "Wellington op"]
[Site "Wellington"]
[Date "2014.04.18"]
[Round "2"]
[White "Johnson, Quentin JF"]
[Black "Ker, Anthony F"]
[Result "0-1"]
[WhiteElo "2095"]
[BlackElo "2313"]
[PlyCount "66"]
[EventDate "2014.04.18"]
[EventType "swiss"]
[EventRounds "6"]
[EventCountry "NZL"]
[SourceTitle "EXT 2018"]
[Source "ChessBase"]
[SourceDate "2017.10.13"]
[SourceVersion "1"]
[SourceVersionDate "2017.10.13"]
[SourceQuality "1"]

1. d4 d6 2. Nf3 Bg4 3. c4 Nd7 4. Nc3 g6 5. g3 Bxf3 6. exf3 Bg7 7. Be3 c5 8. Qd2 cxd4 9. Bxd4 Ngf6 10. Bg2 Rc8 11. b3 0-0 12. 0-0 Nc5 13. Rad1 Qd7 14. Rfe1 Rfd8 15. Qe2 Kf8 16. Bh3 Qxh3 17. Qxe7+ Kg8 18. Bxf6 Rd7 19. Qe3 Bxf6 20. Nd5 Qf5 21. g4 Qg5 22. b4 Ne6 23. Qxa7 Rxc4 24. Nb6 Rxg4+ 25. Kh1 Qf4 26. Qa3 Rh4 27. Kg1 Qxh2+ 28. Kf1 Nf4 29. Re8+ Kg7 30. Ke1 Qg1+ 31. Kd2 Qxf2+ 32. Kc1 Rc7+ 33. Kb1 Qc2# 0-1

[Event "North Island-ch"]
[Site "Wellington"]
[Date "2013.03.29"]
[Round "2"]
[White "Ang, Alphaeus Wei Ern"]
[Black "Johnson, Quentin JF"]
[Result "0-1"]
[WhiteElo "1853"]
[BlackElo "2077"]
[PlyCount "134"]
[EventDate "2013.03.29"]
[EventType "swiss"]
[EventRounds "8"]
[EventCountry "NZL"]
[SourceTitle "EXT 2018"]
[Source "ChessBase"]
[SourceDate "2017.10.13"]
[SourceVersion "1"]
[SourceVersionDate "2017.10.13"]
[SourceQuality "1"]

1. d4 Nf6 2. c4 e6 3. Nc3 Bb4 4. Qc2 Nc6 5. Nf3 d5 6. Bg5 h6 7. Bxf6 Qxf6 8. e3 0-0 9. 0-0-0 Rd8 10. e4 Bxc3 11. bxc3 Qf4+ 12. Kb2 dxe4 13. Nd2 f5 14. Nb3 b6 15. g3 Qd6 16. Bg2 Na5 17. Nxa5 bxa5 18. c5 Rb8+ 19. Ka1 Qc6 20. g4 a4 21. gxf5 exf5 22. Bh3 a3 23. Rb1 Be6 24. Rhd1 g6 25. Bf1 Rb2 26. Rxb2 axb2+ 27. Qxb2 Qxc5 28. d5 Rxd5 29. Rxd5 Bxd5 30. c4 Bf7 31. Qb8+ Kh7 32. Qb2 Qb6 33. Qd2 Qf6+ 34. Kb1 Qd6 35. Qc2 Qxh2 36. Kb2 Qe5+ 37. Kb3 c5 38. a3 Qd4 39. a4 a5 40. Ka2 f4 41. Kb3 Be6 42. Ka2 Bf5 43. Kb3 e3 44. Qe2 Qd2 45. Qxd2 exd2 46. Be2 Bd7 47. Bd1 h5 48. Kc3 Bg4 49. Bxg4 hxg4 50. Kxd2 Kg7 51. Kd3 Kf6 52. Ke4 g3 53. fxg3 fxg3 54. Kf3 Ke5 55. Kxg3 Kd4 56. Kf4 Kxc4 57. Kg5 Kd4 58. Kxg6 c4 59. Kf5 c3 60. Ke6 c2 61. Kf5 c1Q 62. Ke6 Qg5 63. Kd6 Qf6+ 64. Kd7 Kc5 65. Kc7 Qe7+ 66. Kb8 Kb6 67. Ka8 Qe8# 0-1

[Event "South Island-ch"]
[Site "Dunedin"]
[Date "2012.10.14"]
[Round "9"]
[White "Koop, Thorben"]
[Black "Johnson, Quentin JF"]
[Result "1-0"]
[WhiteElo "2165"]
[BlackElo "2102"]
[PlyCount "55"]
[EventDate "2012.10.14"]
[EventType "swiss"]
[EventRounds "9"]
[EventCountry "NZL"]
[SourceTitle "EXT 2018"]
[Source "ChessBase"]
[SourceDate "2017.10.13"]
[SourceVersion "1"]
[SourceVersionDate "2017.10.13"]
[SourceQuality "1"]

1. Nf3 d5 2. g3 c5 3. Bg2 Nf6 4. 0-0 Nc6 5. d4 Bf5 6. c4 e6 7. Nc3 Be7 8. dxc5 d4 9. Na4 Ne4 10. b4 g5 11. Bb2 Bf6 12. b5 g4 13. bxc6 gxf3 14. exf3 Nc3 15. Bxc3 dxc3 16. cxb7 c2 17. Qxd8+ Rxd8 18. Rac1 Kd7 19. f4 Kc7 20. c6 Bd4 21. Rfe1 Rd6 22. Be4 Be3 23. fxe3 Bxe4 24. Nc3 Bd3 25. Nb5+ Kxc6 26. Nxd6 Kxd6 27. Red1 cxd1Q+ 28. Rxd1 1-0

[Event "South Island-ch"]
[Site "Dunedin"]
[Date "2012.10.13"]
[Round "8"]
[White "Johnson, Quentin JF"]
[Black "Lyall, Simon"]
[Result "1-0"]
[WhiteElo "2102"]
[BlackElo "1777"]
[PlyCount "99"]
[EventDate "2012.10.14"]
[EventType "swiss"]
[EventRounds "9"]
[EventCountry "NZL"]
[SourceTitle "EXT 2018"]
[Source "ChessBase"]
[SourceDate "2017.10.13"]
[SourceVersion "1"]
[SourceVersionDate "2017.10.13"]
[SourceQuality "1"]

1. d4 d5 2. c4 c6 3. Nf3 Nf6 4. Nc3 dxc4 5. a4 Bf5 6. e3 e6 7. Bxc4 Bb4 8. 0-0 0-0 9. Qe2 Nbd7 10. Rd1 Qc7 11. h3 a5 12. Nh4 Bg6 13. Nxg6 hxg6 14. e4 Rad8 15. Bg5 Rc8 16. Rac1 Nb6 17. Bb3 Qb8 18. Qf3 Nbd7 19. Bf4 Qa7 20. Rd3 Rfe8 21. Be3 Qa6 22. Rdd1 Rf8 23. Na2 Be7 24. Rc2 Rfe8 25. Nc1 Bb4 26. Nd3 Be7 27. Nf4 Bb4 28. g4 Kh7 29. Nd3 Be7 30. g5 Nh5 31. Qxf7 Nf8 32. Ne5 Bd6 33. Ng4 Re7 34. Qf3 Qb6 35. Bc4 Qc7 36. e5 Bb4 37. Bd3 Rf7 38. Nf6+ Kh8 39. Bxg6 gxf6 40. Qxh5+ Rh7 41. Bxh7 Qxh7 42. Qxh7+ Kxh7 43. gxf6 Nd7 44. Kh2 Rg8 45. Rg1 Rxg1 46. Kxg1 Nb6 47. b3 Nd5 48. Bd2 Kg6 49. Bxb4 Nxb4 50. Rc3 1-0

[Event "South Island-ch"]
[Site "Dunedin"]
[Date "2012.10.12"]
[Round "6"]
[White "Johnson, Quentin JF"]
[Black "Gold, Hamish R"]
[Result "1-0"]
[WhiteElo "2102"]
[BlackElo "1816"]
[PlyCount "67"]
[EventDate "2012.10.14"]
[EventType "swiss"]
[EventRounds "9"]
[EventCountry "NZL"]
[SourceTitle "EXT 2018"]
[Source "ChessBase"]
[SourceDate "2017.10.13"]
[SourceVersion "1"]
[SourceVersionDate "2017.10.13"]
[SourceQuality "1"]

1. d4 Nf6 2. c4 g6 3. g3 Bg7 4. Bg2 0-0 5. Nc3 d6 6. Nf3 Nfd7 7. 0-0 e5 8. d5 a5 9. e4 Nc5 10. b3 h6 11. Nh4 Kh7 12. Qc2 Nbd7 13. Bb2 Nf6 14. a3 a4 15. b4 Nb3 16. Rad1 Nd4 17. Rxd4 exd4 18. Nb5 Bd7 19. Nxd4 Qc8 20. f4 Bh3 21. f5 Bxg2 22. fxg6+ fxg6 23. Nxg2 Ng4 24. Rxf8 Bxd4+ 25. Bxd4 Qxf8 26. Nf4 Ne5 27. Bxe5 dxe5 28. Ne6 Qf3 29. Qf2 Qxf2+ 30. Kxf2 Rc8 31. c5 Kg8 32. d6 cxd6 33. cxd6 Rc2+ 34. Ke1 1-0

[Event "Queenstown op"]
[Site "Queenstown"]
[Date "2012.01.18"]
[Round "4"]
[White "Johnson, Quentin JF"]
[Black "Ikeda, Junta"]
[Result "0-1"]
[WhiteElo "2127"]
[BlackElo "2349"]
[PlyCount "38"]
[EventDate "2012.01.15"]
[EventType "swiss"]
[EventRounds "9"]
[EventCountry "NZL"]
[SourceTitle "CBM 146 Extra"]
[Source "ChessBase"]
[SourceDate "2012.02.29"]
[SourceVersion "1"]
[SourceVersionDate "2012.02.29"]
[SourceQuality "1"]

1. d4 Nf6 2. c4 e6 3. Nf3 b6 4. g3 Ba6 5. b3 b5 6. Qc2 bxc4 7. bxc4 Bb7 8. Nc3 Bb4 9. Bd2 c5 10. Bg2 0-0 11. 0-0 cxd4 12. Nxd4 Bxg2 13. Kxg2 Bc5 14. Nb3 Be7 15. Bf4 Nh5 16. Be3 d6 17. Qd3 Nc6 18. Nd5 exd5 19. Qxd5 Ne5 0-1

[Event "Oceania zt"]
[Site "Rotorua"]
[Date "2011.01.28"]
[Round "6"]
[White "Johnson, Quentin JF"]
[Black "Ikeda, Junta"]
[Result "0-1"]
[WhiteElo "2128"]
[BlackElo "2262"]
[PlyCount "64"]
[EventDate "2011.01.25"]
[EventType "swiss"]
[EventRounds "9"]
[EventCountry "NZL"]
[SourceTitle "CBM 140 Extra"]
[Source "ChessBase"]
[SourceDate "2011.03.01"]
[SourceVersion "1"]
[SourceVersionDate "2011.03.01"]
[SourceQuality "1"]

1. d4 Nf6 2. Nf3 c5 3. d5 b5 4. c4 b4 5. a3 bxa3 6. Rxa3 d6 7. Nc3 g6 8. e4 Bg7 9. Be2 0-0 10. 0-0 Nfd7 11. Be3 Na6 12. Qd2 Nb4 13. Bh6 Nb6 14. Bxg7 Kxg7 15. Ne1 f5 16. exf5 Rxf5 17. Ne4 Qh8 18. f4 Kg8 19. Nf3 Rf8 20. Rd1 a5 21. Nfg5 Qd4+ 22. Qxd4 cxd4 23. g3 d3 24. Bxd3 Nxd3 25. Rdxd3 Nxc4 26. Ra2 Bf5 27. Rd4 Rfc8 28. Ne6 Rab8 29. Ra4 Ne3 30. Nc3 Rxb2 31. Na2 Rg2+ 32. Kh1 Rxa2 0-1

[Event "Oceania zt"]
[Site "Rotorua"]
[Date "2011.01.26"]
[Round "2"]
[White "Johnson, Quentin JF"]
[Black "Reilly, Tim"]
[Result "1/2-1/2"]
[WhiteElo "2128"]
[BlackElo "2276"]
[PlyCount "107"]
[EventDate "2011.01.25"]
[EventType "swiss"]
[EventRounds "9"]
[EventCountry "NZL"]
[SourceTitle "CBM 140 Extra"]
[Source "ChessBase"]
[SourceDate "2011.03.01"]
[SourceVersion "1"]
[SourceVersionDate "2011.03.01"]
[SourceQuality "1"]

1. d4 d6 2. Nf3 g6 3. c4 f5 4. g3 Nf6 5. Bg2 Bg7 6. 0-0 0-0 7. Nc3 Qe8 8. d5 a5 9. Rb1 Na6 10. a3 Bd7 11. b4 axb4 12. axb4 h6 13. Nd4 g5 14. f4 Qg6 15. Qd3 gxf4 16. Bxf4 Ng4 17. e4 fxe4 18. Bxe4 Qh5 19. Nf3 c5 20. dxc6 bxc6 21. Nh4 Bf6 22. Bg6 Nxb4 23. Rxb4 Qc5+ 24. Kg2 Qxb4 25. Bh7+ Kh8 26. Ng6+ Kxh7 27. Nxf8+ Kg8 28. Nxd7 Qxc3 29. Qg6+ Bg7 30. Qxg4 Qxc4 31. Qf5 Ra2+ 32. Rf2 Rxf2+ 33. Kxf2 Bd4+ 34. Be3 Qa2+ 35. Kf3 Bxe3 36. Qf8+ Kh7 37. Qxe7+ Kh8 38. Qf6+ Kg8 39. Kxe3 Qxh2 40. Qg6+ Kh8 41. Nf6 Qg1+ 42. Kf3 Qf1+ 43. Kg4 Qe2+ 44. Kh3 Qf1+ 45. Kh4 Qh1+ 46. Kg4 Qd1+ 47. Kf5 Qd3+ 48. Ne4 d5 49. Qxh6+ Kg8 50. Qg6+ Kf8 51. Qf6+ Kg8 52. Qd8+ Kg7 53. Qd7+ Kf8 54. Qd8+ 1/2-1/2

[Event "Kaikoura op"]
[Site "Kaikoura"]
[Date "2008.11.08"]
[Round "2"]
[White "Johnson, Quentin JF"]
[Black "Marko, Helmut"]
[Result "1-0"]
[WhiteElo "2150"]
[BlackElo "2123"]
[PlyCount "37"]
[EventDate "2008.11.08"]
[EventType "swiss"]
[EventRounds "9"]
[EventCountry "NZL"]
[SourceTitle "CBM 127 Extra"]
[Source "ChessBase"]
[SourceDate "2009.01.08"]
[SourceVersion "2"]
[SourceVersionDate "2009.01.28"]
[SourceQuality "1"]

1. d4 Nf6 2. c4 e6 3. g3 c5 4. d5 exd5 5. cxd5 d6 6. Nc3 Bf5 7. Bg2 Be7 8. e4 Bg6 9. Nh3 Nbd7 10. 0-0 0-0 11. Nf4 Rb8 12. Qe2 a6 13. a4 Re8 14. h4 Bf8 15. h5 Bxe4 16. Nxe4 Nxd5 17. Nxd5 f5 18. Qc4 Rxe4 19. Ne7+ 1-0